Statistiques concernant Pardons bretons

Cliquez ici pour prendre le quiz!

Statistiques générales

  • Ce quiz a été pris 9 fois
  • Le résultat moyen est 3 sur 26

Statistiques - réponses

Answer % Correct
Sainte-Anne d'Auray
83%
Guingamp
33%
Loudéac
33%
La Baule
17%
Perros-Guirec
17%
Tréguier
17%
Le Faouët
17%
Guern
17%
Hennebont
17%
Locronan
17%
Fougères
17%
Le Folgoët
17%
Plonévez-Porzay
0%
Lamballe
0%
Saint-Didier
0%
Rochefort-en-Terre
0%
Josselin
0%
Penmarch
0%
Batz-sur-Mer
0%
Montautour
0%
Plouguerneau
0%
Runan
0%
Minihy Tréguier
0%
Mont-Dol
0%
Bécherel
0%
Saint-Suliac
0%

Distribution des résultats

Percentile by Number Answered

% des personnes avec chaque résultat

Votre développement - résultats

Vous n’avez pas pris ce quiz